Sports Quiz

Random Sports or Soccer Quiz
Score 0/13 Timer 08:00
0 Plays Today
% Correct
ajax
99.6%
psv
97.3%
az
73.9%
fc twente
52.3%
feijenoord
38.6%
sparta
37.5%
dos
22.3%
willem 2
15.5%
dws
13.6%
rapid jc
10.2%
az67
5.7%
rch
5.3%
evv
3.4%
Remove Ads.
Support Sporcle.
Get the best of Sporcle when you Go Orange. This ad-free experience offers more features, more stats, and more fun while also helping to support Sporcle. Thank you for becoming a member.

You're not logged in!

Compare scores with friends on all Sporcle quizzes.
OR
Log In

Show Comments

Extras

Created Nov 4, 2010ReportNominate
Tags:Soccer Quiz, 1950, cup, dutch, League, Winner

Top Quizzes Today


Score Distribution

Your Account Isn't Verified!

In order to create a playlist on Sporcle, you need to verify the email address you used during registration. Go to your Sporcle Settings to finish the process.

Report this User

Report this user for behavior that violates our Community Guidelines.

Details: